Creative orientation and theoretical assumptions among executives: an empirical study (Record no. 27297)

000 -LEADER
fixed length control field 00413pab a2200145 454500
008 - FIXED-LENGTH DATA ELEMENTS--GENERAL INFORMATION
fixed length control field 180718b xxu||||| |||| 00| 0 eng d
100 ## - MAIN ENTRY--PERSONAL NAME
Personal name Dwivedi R.S.
245 ## - TITLE STATEMENT
Title Creative orientation and theoretical assumptions among executives: an empirical study
362 ## - DATES OF PUBLICATION AND/OR SEQUENTIAL DESIGNATION
Dates of publication and/or sequential designation Winter 1993/Spring 1994, p.1-10
650 ## - SUBJECT ADDED ENTRY--TOPICAL TERM
Topical term or geographic name entry element Management
650 ## - SUBJECT ADDED ENTRY--TOPICAL TERM
Topical term or geographic name entry element Executives
700 ## - ADDED ENTRY--PERSONAL NAME
Personal name Dwivedi Sita
773 ## - HOST ITEM ENTRY
Main entry heading Abhigyan
909 ## -
-- 27297
Holdings
Withdrawn status Lost status Damaged status Not for loan Permanent Location Current Location Date acquired Barcode Date last seen Price effective from Koha item type
        Indian Institute of Public Administration Indian Institute of Public Administration 2018-07-19 AR27399 2018-07-19 2018-07-19 Articles

Powered by Koha